000 00542pam a2200205 a 4500
001 3384700
005 20180104091047.0
008 881205s1989 cauaf 001 0 eng
010 _a 88038206
020 _a0805301496
040 _aDLC
_cDLC
_dDLC
041 _aeng
080 _a616.01078 TED
082 0 0 _a616.01078 TED
_219
100 1 _a12
101 _aMIC
245 1 0 _aLaboratory experiments in microbiology /
_cTed R. Johnson, Christine L. Case.
906 _a7
_bcbc
_corignew
_d1
_eocip
_f19
_gy-gencatlg
942 _2ddc
_cBK
999 _c39775
_d39775